| 000 | 00404nam a22001697a 4500 | ||
|---|---|---|---|
| 005 | 20160614100152.0 | ||
| 008 | 160614b xxu||||| |||| 00| 0 eng d | ||
| 020 | _a81-7273-213-9 | ||
| 041 | _aeng | ||
| 082 | _b7324 | ||
| 100 |
_aSharma, Jitendra Kumar _91836 |
||
| 245 | _aDigital Broadcasting Journalis | ||
| 260 |
_bAthacs press _c2004 |
||
| 300 | _a306 | ||
| 650 |
_aManagement _9241 |
||
| 942 | _cBK | ||
| 999 |
_c2580 _d2579 |
||